| 000 | 00422nam a22001817a 4500 | ||
|---|---|---|---|
| 003 | NUST - PNEC | ||
| 005 | 20170116181051.0 | ||
| 008 | 150929b xxu||||| |||| 00| 0 eng d | ||
| 020 | _a- | ||
| 040 | _cLIBRARY | ||
| 082 | _a621.381535 SON | ||
| 100 |
_911846 _aSonde, B.S |
||
| 245 |
_aBroad-band Amplifiers _cB.S Sonde |
||
| 250 | _a- | ||
| 260 | _cc.1972 | ||
| 650 |
_911848 _aAmplifiers _xEE, EL |
||
| 942 |
_2ddc _cBK |
||
| 999 |
_c68373 _d68373 |
||